| 000 -LEADER |
| fixed length control field |
00941cam a22002178i 4500 |
| 003 - CONTROL NUMBER IDENTIFIER |
| control field |
OSt |
| 005 - DATE AND TIME OF LATEST TRANSACTION |
| control field |
20240705181026.0 |
| 008 - FIXED-LENGTH DATA ELEMENTS--GENERAL INFORMATION |
| fixed length control field |
210311s2022 maua b 001 0 eng |
| 020 ## - INTERNATIONAL STANDARD BOOK NUMBER |
| International Standard Book Number |
9780262543422 |
| Qualifying information |
(hardcover) |
| 042 ## - AUTHENTICATION CODE |
| Authentication code |
pcc |
| 082 00 - DEWEY DECIMAL CLASSIFICATION NUMBER |
| Classification number |
720.92 |
| Edition number |
23 |
| 100 1# - MAIN ENTRY--PERSONAL NAME |
| Personal name |
Tamburelli, Pier Paolo, |
| Relator term |
author. |
| 245 10 - TITLE STATEMENT |
| Title |
On Bramante / |
| Statement of responsibility, etc |
Pier Paolo Tamburelli ; with photographs by Bas Princen ; translated from the Italian by Huw Evans. |
| 300 ## - PHYSICAL DESCRIPTION |
| Extent |
xvii, 281 pages : |
| Other physical details |
illustrations ; |
| Dimensions |
22 cm |
| 504 ## - BIBLIOGRAPHY, ETC. NOTE |
| Bibliography, etc |
Includes bibliographical references and index. |
| 520 ## - SUMMARY, ETC. |
| Summary, etc |
"A historical and critical study of the great Italian Renaissance architect Donato Bramante, but also a polemic, even manifesto, about contemporary architectural practice"-- |
| 600 10 - SUBJECT ADDED ENTRY--PERSONAL NAME |
| Personal name |
Bramante, Donato, |
| Dates associated with a name |
1444?-1514 |
| General subdivision |
Criticism and interpretation. |
| 700 1# - ADDED ENTRY--PERSONAL NAME |
| Personal name |
Princen, Bas, |
| Relator term |
photographer (expression) |
| 700 1# - ADDED ENTRY--PERSONAL NAME |
| Personal name |
Evans, Christopher Huw, |
| Relator term |
translator. |
| 942 ## - ADDED ENTRY ELEMENTS (KOHA) |
| Source of classification or shelving scheme |
|